000 01638cad a22002655a 4500
001 L142014
008 080121e20080118xxk f f000 0 eng d
035 _a(Sirsi) u142014
041 0 _aeng
050 0 4 _a346.410438 $2 18
110 1 _aUnited Kingdom
_bDepartment for Communities and Local Government
_94939
245 0 0 _aLocal authority property search services
_bcharges for property search services - a consultation paper
_h[electronic resource]
260 _aLondon
_bDCLG
_c2008
520 _aOutlines the government's proposals for the future arrangement of charging for property search charges by local authorities. The proposals are driven by the Office of Fair Trading's recommendations in a market report (L131148). They aim to facilitate a level playing field between local authorities and personal search companies. Seeks views on charging for unrefined data; how to charge for refined property searches; a potential amendment to the Local Authority (Charges for Land Searches) Regulations 1994; the electronic delivery of searches; and other charge related issues. Responses are due by 18 April 2008.
521 2 _aAdvanced
590 _aKA NTK
650 2 4 _aHOME INFORMATION PACKS
650 2 4 _aHOUSING ACT 2004 PART V
650 2 4 _aLOCAL AUTHORITY (CHARGES FOR LAND SEARCHES) REGULATIONS 1994
651 4 _aUnited Kingdom
_y
690 _aPROPERTY-PROPERTY ACQUISITION AND DISPOSAL
710 1 _aUnited Kingdom
_bMinistry of Justice
_95477
856 4 0 _uhttps://www.communities.gov.uk/publications/housing/lachargesearchconsult
_zView the consultation free of charge at www.communities.gov.uk...
942 _n0
999 _c107827
_d107827